Normal view
MARC view
- Lissauer, Tom; Carroll, Will
Entry Personal Name
001 - CONTROL NUMBER
- control field: 113929
003 - CONTROL NUMBER IDENTIFIER
- control field: NUST
005 - DATE AND TIME OF LATEST TRANSACTION
- control field: 20230803110956.0
008 - FIXED-LENGTH DATA ELEMENTS
- fixed length control field: 230803|| aca||aabn | a|a d
040 ## - CATALOGING SOURCE
- Original cataloging agency: NUST
- Transcribing agency: NUST
100 ## - HEADING--PERSONAL NAME
- Personal name: Lissauer, Tom; Carroll, Will
670 ## - SOURCE DATA FOUND
- Source citation: Work cat.: (NUST)595242: Lissauer, Tom; Carroll, Will , Illustrated Textbook of Paediatrics / , 2018.
